[Event "Europa ch 2012 femenino"]
[Site "Gaziantep TUR"]
[Date "2012.03.10"]
[Round "8.15"]
[White "Manakova, Maria"]
[Black "Kineva, Ekaterina"]
[Result "1-0"]
[WhiteElo "2315"]
[BlackElo "2126"]
[PlyCount "87"]
[EventDate "2012.03.02"]
[EventType "swiss"]
[EventRounds "11"]
[EventCountry "TUR"]
[Source "lmi"]
[SourceDate "2012.03.02"]

1. e4 c5 2. Nf3 Nc6 3. d4 cxd4 4. Nxd4 Nf6 5. Nc3 e5 6. Ndb5 d6 7. Bg5 a6 8.
Bxf6 gxf6 9. Na3 b5 10. Nd5 f5 11. Bd3 Be6 12. Qh5 Bg7 13. O-O f4 14. c3 O-O
15. Nc2 Rb8 16. a4 bxa4 17. Ncb4 Nxb4 18. Nxb4 Qd7 19. Bxa6 f5 20. Bd3 Rf6 21.
exf5 Bf7 22. Qe2 Rh6 23. Bc2 Rc8 24. Bxa4 Qxf5 25. Bc2 Qg5 26. Be4 Bf8 27. Rfd1
Rh3 28. Qd2 Kh8 29. Ra7 Bb3 30. Rda1 Qg4 31. f3 Qg5 32. Nd5 Rh6 33. Rb7 Qh4 34.
h3 Bc4 35. Raa7 Kg8 36. Bxh7+ Kh8 37. Be4 Qg5 38. Rh7+ Rxh7 39. Rxh7+ Kg8 40.
h4 Qd8 41. g3 Rc5 42. gxf4 Bg7 43. Qg2 Qf8 44. Qg6 1-0

[Event "Europa ch 2012 femenino"]
[Site "Gaziantep TUR"]
[Date "2012.03.10"]
[Round "8.16"]
[White "Hairapetian, Anna"]
[Black "Kashlinskaya, Alina"]
[Result "0-1"]
[WhiteElo "2227"]
[BlackElo "2377"]
[PlyCount "88"]
[EventDate "2012.03.02"]
[EventType "swiss"]
[EventRounds "11"]
[EventCountry "TUR"]
[Source "lmi"]
[SourceDate "2012.03.02"]

1. e4 c5 2. Nf3 d6 3. d4 cxd4 4. Nxd4 Nf6 5. Nc3 Nc6 6. Bg5 e6 7. Qd2 a6 8.
O-O-O Bd7 9. f4 b5 10. Bxf6 gxf6 11. Kb1 b4 12. Nce2 Qb6 13. h4 a5 14. Rh3 a4
15. Re3 Na5 16. Ng3 Qc5 17. Be2 h5 18. b3 Bg7 19. Rd3 Nb7 20. Bf3 Qa5 21. e5 d5
22. Ndf5 axb3 23. cxb3 Nc5 24. Nxg7+ Kf8 25. Re3 Kxg7 26. exf6+ Kf8 27. Qb2 Bb5
28. Be2 Bxe2 29. Nxe2 Ne4 30. Rc1 Rg8 31. g3 Nxf6 32. f5 Ng4 33. Rd3 e5 34. Qc2
Kg7 35. Qd2 d4 36. Rc6 f6 37. Nc1 Rgc8 38. Qc2 Qd8 39. Qc5 Qd7 40. Rxc8 Rxc8
41. Qxb4 Qxf5 42. Kb2 Ne3 43. Rd2 Rc2+ 44. Ka3 Qd7 0-1

[Event "Europa ch 2012 femenino"]
[Site "Gaziantep TUR"]
[Date "2012.03.10"]
[Round "8.18"]
[White "Arabidze, Meri"]
[Black "Seps, Monika"]
[Result "1-0"]
[WhiteElo "2337"]
[BlackElo "2208"]
[PlyCount "87"]
[EventDate "2012.03.02"]
[EventType "swiss"]
[EventRounds "11"]
[EventCountry "TUR"]
[Source "lmi"]
[SourceDate "2012.03.02"]

1. d4 Nf6 2. c4 g6 3. Nc3 Bg7 4. e4 d6 5. Nf3 O-O 6. Be2 Bg4 7. O-O Nfd7 8. Be3
Nc6 9. d5 Bxf3 10. Bxf3 Na5 11. Be2 Bxc3 12. bxc3 e5 13. g3 Qe7 14. Rb1 b6 15.
h4 Nc5 16. Qc2 Rfe8 17. h5 Qd7 18. Bxc5 dxc5 19. Kg2 g5 20. Qd2 Qe7 21. h6 Kh8
22. Rh1 Rad8 23. Rh5 Rg8 24. Rf1 Rd6 25. Bg4 Nxc4 26. Qe2 b5 27. a4 a6 28. axb5
axb5 29. Ra1 Rb6 30. Ra7 Qd8 31. Rh1 Qb8 32. Ra2 Nd6 33. Qf3 Qd8 34. Ra7 Rg6
35. Bh5 Rxh6 36. Bxf7 Rf6 37. Ra8 Nxf7 38. Rxd8+ Nxd8 39. Qh5 Rf7 40. Qxg5 Rbf6
41. Qxe5 Nb7 42. Rh6 Kg7 43. Rxf6 Rxf6 44. Qxc7+ 1-0

[Event "Europa ch 2012 femenino"]
[Site "Gaziantep TUR"]
[Date "2012.03.10"]
[Round "8.19"]
[White "Isgandarova, Khayala"]
[Black "Mikadze, Miranda"]
[Result "0-1"]
[WhiteElo "2203"]
[BlackElo "2329"]
[PlyCount "106"]
[EventDate "2012.03.02"]
[EventType "swiss"]
[EventRounds "11"]
[EventCountry "TUR"]
[Source "lmi"]
[SourceDate "2012.03.02"]

1. e4 c6 2. d4 d5 3. exd5 cxd5 4. c4 Nf6 5. Nc3 Nc6 6. cxd5 Nxd5 7. Nf3 Bg4 8.
Be2 e6 9. O-O Be7 10. Qb3 Nb6 11. Be3 O-O 12. Rfd1 Nb4 13. d5 N4xd5 14. h3 Bf5
15. a4 Qb8 16. Bxb6 Nxb6 17. a5 Nc8 18. Rd7 Bc5 19. Na4 b6 20. Rad1 Qf4 21.
Nxc5 bxc5 22. Rd8 Rb8 23. Qc3 Ne7 24. Rxf8+ Rxf8 25. Qxc5 Nd5 26. Qxa7 Qb4 27.
a6 Qxb2 28. Bf1 h6 29. Qd7 Be4 30. Nd4 Nc3 31. Re1 Qd2 32. Re3 e5 33. Rxc3 Qxc3
34. Nf5 Bxf5 35. Qxf5 Rd8 36. g3 Qc5 37. Qf3 Rd2 38. Bd3 g6 39. Be2 Kg7 40. g4
Ra2 41. Qe4 Qd4 42. Qd3 Qxd3 43. Bxd3 Ra3 44. Bf1 f5 45. Kg2 Kf6 46. gxf5 gxf5
47. Be2 Kg5 48. Bb5 h5 49. Bc4 h4 50. Bb5 Kf4 51. Bc4 e4 52. Be2 Ke5 53. Bb5 f4
0-1

[Event "Europa ch 2012 femenino"]
[Site "Gaziantep TUR"]
[Date "2012.03.10"]
[Round "8.20"]
[White "Mareckova, Martina"]
[Black "Mamedjarova, Zeinab"]
[Result "0-1"]
[WhiteElo "2114"]
[BlackElo "2321"]
[PlyCount "78"]
[EventDate "2012.03.02"]
[EventType "swiss"]
[EventRounds "11"]
[EventCountry "TUR"]
[Source "lmi"]
[SourceDate "2012.03.02"]

1. e4 e5 2. Nf3 Nc6 3. Bc4 Nf6 4. d3 Be7 5. O-O O-O 6. Re1 d6 7. c3 Na5 8. Bb5
a6 9. Ba4 b5 10. Bc2 c5 11. Nbd2 Qc7 12. Nf1 Re8 13. Ng3 c4 14. d4 Bf8 15. Bg5
Nd7 16. Nf5 Nb6 17. Qd2 Na4 18. Rab1 exd4 19. N3xd4 Nc5 20. Rbd1 Bb7 21. Qf4
Nc6 22. Re3 Nxd4 23. cxd4 Ne6 24. Qg4 Nxg5 25. Qxg5 Re6 26. Rg3 Rg6 27. Qf4 Re8
28. Ne3 Qe7 29. Rxg6 hxg6 30. f3 Qd8 31. Ng4 Be7 32. Qd2 Qb6 33. a3 a5 34. b3
d5 35. exd5 Bxd5 36. bxc4 Bxc4 37. a4 Bb4 38. Qf4 Re2 39. Be4 f5 0-1

[Event "Europa ch 2012 femenino"]
[Site "Gaziantep TUR"]
[Date "2012.03.10"]
[Round "8.22"]
[White "Ozturk, Hilal"]
[Black "Bronnikova, Elizaveta"]
[Result "1-0"]
[WhiteElo "1784"]
[BlackElo "2252"]
[PlyCount "79"]
[EventDate "2012.03.02"]
[EventType "swiss"]
[EventRounds "11"]
[EventCountry "TUR"]
[Source "lmi"]
[SourceDate "2012.03.02"]

1. e4 Nf6 2. e5 Nd5 3. d4 d6 4. c4 Nb6 5. exd6 cxd6 6. Nc3 g6 7. Bd3 Bg7 8. Be3
Nc6 9. Nge2 O-O 10. a3 e5 11. d5 Ne7 12. O-O Bf5 13. Rc1 Bxd3 14. Qxd3 Nf5 15.
Bd2 Rc8 16. Ne4 Re8 17. Bb4 Bf8 18. f4 exf4 19. Nxf4 Nd7 20. Nh5 Qh4 21. Nf4
Ne5 22. Qe2 Nd4 23. Qd1 Ng4 24. Qxg4 Qxg4 25. Nf6+ Kh8 26. Nxg4 g5 27. Rcd1 Re4
28. Nh5 Rxg4 29. Bc3 Bg7 30. Rd2 Be5 31. Rxf7 Rh4 32. Ng3 Rxc4 33. Rxb7 a5 34.
Rf2 Rc8 35. Bxa5 Bxg3 36. hxg3 Rc1+ 37. Rf1 Rh1+ 38. Kxh1 Rxf1+ 39. Kh2 Ne2 40.
Re7 1-0

[Event "Europa ch 2012 femenino"]
[Site "Gaziantep TUR"]
[Date "2012.03.10"]
[Round "8.23"]
[White "Abdulla, Khayala"]
[Black "Cherednichenko, Elena"]
[Result "0-1"]
[WhiteElo "2246"]
[BlackElo "2130"]
[PlyCount "54"]
[EventDate "2012.03.02"]
[EventType "swiss"]
[EventRounds "11"]
[EventCountry "TUR"]
[Source "lmi"]
[SourceDate "2012.03.02"]

1. e4 e5 2. Nf3 Nc6 3. Bb5 a6 4. Ba4 Nf6 5. d3 b5 6. Bb3 Be7 7. O-O d6 8. c3
O-O 9. Re1 a5 10. a4 b4 11. Nbd2 Rb8 12. Nc4 bxc3 13. bxc3 Bg4 14. Ne3 Bxf3 15.
gxf3 Nh5 16. Kh1 Nf4 17. Nd5 Nh3 18. Nxe7+ Qxe7 19. Be3 Qf6 20. Rb1 Ne7 21. Kg2
Qh4 22. d4 Ng6 23. dxe5 Ngf4+ 24. Bxf4 Nxf4+ 25. Kh1 dxe5 26. Qd7 Rxb3 27. Rxb3
Qxf2 0-1

[Event "Europa ch 2012 femenino"]
[Site "Gaziantep TUR"]
[Date "2012.03.10"]
[Round "8.24"]
[White "Kazimova, Narmin"]
[Black "De Seroux, Camille"]
[Result "1-0"]
[WhiteElo "2253"]
[BlackElo "2122"]
[PlyCount "123"]
[EventDate "2012.03.02"]
[EventType "swiss"]
[EventRounds "11"]
[EventCountry "TUR"]
[Source "lmi"]
[SourceDate "2012.03.02"]

1. d4 Nf6 2. c4 g6 3. Nf3 Bg7 4. g3 O-O 5. Bg2 d6 6. O-O Nc6 7. Nc3 a6 8. Re1
Rb8 9. Rb1 Bf5 10. e4 Bg4 11. Be3 Nd7 12. Ne2 e5 13. d5 Ne7 14. Nd2 Bxe2 15.
Qxe2 f5 16. f3 a5 17. Rbd1 Nc5 18. Nb3 Nxb3 19. axb3 b6 20. Qd2 Qd7 21. Bh3 Kh8
22. b4 axb4 23. Qxb4 Ng8 24. Ra1 Ra8 25. Qd2 Qe7 26. Rxa8 Rxa8 27. exf5 Qd7 28.
Qc2 Rf8 29. g4 gxf5 30. gxf5 Qd8 31. Qe4 Bh6 32. Kh1 Bxe3 33. Rxe3 Qg5 34. f4
exf4 35. Rf3 Ra8 36. Qxf4 Ra1+ 37. Bf1 Qf6 38. b3 Nh6 39. Qe4 Qb2 40. f6 Ra2
41. Qh4 Nf7 42. Qg3 Ng5 43. f7 Qxh2+ 44. Qxh2 Rxh2+ 45. Kxh2 Nxf3+ 46. Kg3 Kg7
47. Kxf3 Kxf7 48. Kf4 Kf6 49. Bd3 h6 50. b4 b5 51. cxb5 h5 52. Bf5 Kf7 53. Kg5
h4 54. Kxh4 Kf6 55. Bd7 Ke5 56. Bc6 Kd4 57. Kg5 Kc4 58. Kf6 Kxb4 59. Ke7 Kc5
60. Kd7 Kb6 61. Kd8 Ka7 62. Kc8 1-0

[Event "Europa ch 2012 femenino"]
[Site "Gaziantep TUR"]
[Date "2012.03.10"]
[Round "8.25"]
[White "Alexanian, Nelli"]
[Black "Savina, Anastasia"]
[Result "1/2-1/2"]
[WhiteElo "2114"]
[BlackElo "2325"]
[PlyCount "149"]
[EventDate "2012.03.02"]
[EventType "swiss"]
[EventRounds "11"]
[EventCountry "TUR"]
[Source "lmi"]
[SourceDate "2012.03.02"]

1. d4 Nf6 2. c4 g6 3. Nc3 Bg7 4. e4 d6 5. g3 O-O 6. Bg2 Nc6 7. Nge2 e5 8. d5
Nd4 9. O-O c5 10. dxc6 Nxc6 11. b3 Be6 12. Ba3 Ne8 13. Nb5 a6 14. Nxd6 Qa5 15.
Qc1 Nxd6 16. Bxd6 Rfd8 17. Rd1 Rac8 18. Qa3 Rxd6 19. Qxd6 Rd8 20. b4 Rxd6 21.
bxa5 Rxd1+ 22. Rxd1 Bxc4 23. Nc3 Nxa5 24. Rd8+ Bf8 25. Bf1 Be6 26. Nd5 Kg7 27.
f4 Nc6 28. Re8 exf4 29. gxf4 Bd6 30. Kg2 Nb4 31. Nxb4 Bxb4 32. a4 Bd7 33. Rb8
Bc6 34. Kf3 Bd6 35. Rd8 Be7 36. Rc8 Bxa4 37. Rc7 Bd1+ 38. Kg3 Kf8 39. Rxb7 a5
40. Bc4 a4 41. f5 gxf5 42. exf5 Bh5 43. Kf4 a3 44. Ra7 h6 45. Ke5 f6+ 46. Ke4
Bd1 47. Kd5 Bh5 48. Ra8+ Kf7 49. Kc6+ Kg7 50. Ra7 Kf8 51. Ra8+ Kg7 52. h3 Bf3+
53. Bd5 Bh5 54. Rg8+ Kh7 55. Kd7 Bc5 56. Rc8 Bd4 57. Ra8 Bb2 58. Ke7 Kg7 59.
Ra7 Kh8 60. Bf7 Bf3 61. Kd7 Kg7 62. Kd8 Kh8 63. Be6 Bh5 64. Ra4 Kg7 65. Bd5 Bd1
66. Ra7+ Kh8 67. Ke7 Bh5 68. Bf7 Bf3 69. Be6 Bh5 70. Bc4 Kg7 71. Ke6+ Kh8 72.
Ba2 Kg8 73. Ke7+ Kg7 74. Bd5 Kh8 75. Bf7 1/2-1/2

[Event "Europa ch 2012 femenino"]
[Site "Gaziantep TUR"]
[Date "2012.03.10"]
[Round "8.26"]
[White "Coimbra, Margarida"]
[Black "Mamedjarova, Turkan"]
[Result "0-1"]
[WhiteElo "2156"]
[BlackElo "2284"]
[PlyCount "88"]
[EventDate "2012.03.02"]
[EventType "swiss"]
[EventRounds "11"]
[EventCountry "TUR"]
[Source "lmi"]
[SourceDate "2012.03.02"]

1. e4 e5 2. Nf3 Nc6 3. d4 exd4 4. Nxd4 Bc5 5. Be3 Qf6 6. c3 Nge7 7. Bc4 Ne5 8.
Be2 Qg6 9. O-O d6 10. f3 O-O 11. Kh1 Bb6 12. a4 a6 13. Nd2 Kh8 14. Qe1 c5 15.
N4b3 f5 16. Nc4 Nxc4 17. Bxc4 fxe4 18. fxe4 Bh3 19. Qe2 Rxf1+ 20. Rxf1 Qxe4 21.
Bxc5 Qxg2+ 22. Qxg2 Bxg2+ 23. Kxg2 Bxc5 24. Nxc5 dxc5 25. Rf7 Re8 26. Kf2 h6
27. Kf1 h5 28. Kf2 Kh7 29. Bd3+ Kh6 30. h4 b6 31. Bxa6 Ng6 32. Bb5 Re6 33. Kg3
Ne7 34. Rf3 g6 35. Bc4 Re4 36. Bd3 Rxa4 37. Rf7 Rg4+ 38. Kh3 Nd5 39. Be2 Nf4+
40. Rxf4 Rxf4 41. Kg3 Ra4 42. Bf1 Ra2 43. b4 Ra3 44. bxc5 Rxc3+ 0-1

[Event "Europa ch 2012 femenino"]
[Site "Gaziantep TUR"]
[Date "2012.03.10"]
[Round "8.27"]
[White "Foisor, Mihaela-Veronica"]
[Black "Kaya, Emel"]
[Result "1-0"]
[WhiteElo "2242"]
[BlackElo "1997"]
[PlyCount "87"]
[EventDate "2012.03.02"]
[EventType "swiss"]
[EventRounds "11"]
[EventCountry "TUR"]
[Source "lmi"]
[SourceDate "2012.03.02"]

1. d4 d5 2. c4 dxc4 3. Nf3 Nf6 4. Qa4+ c6 5. Qxc4 e6 6. g3 Be7 7. Bg2 O-O 8.
O-O Nbd7 9. Nc3 c5 10. Rd1 Nb6 11. Qb3 c4 12. Qc2 Nfd5 13. e4 Nxc3 14. bxc3 Bd7
15. Re1 Na4 16. Rb1 b5 17. h4 Rc8 18. e5 Bc6 19. Bg5 h6 20. Bxe7 Qxe7 21. Nd2
Bxg2 22. Kxg2 Rb8 23. Rec1 Qb7+ 24. Qe4 Qxe4+ 25. Nxe4 a6 26. f4 Nb6 27. Kf3
Rfc8 28. Nc5 Rxc5 29. dxc5 Na4 30. c6 Rc8 31. Rc2 Rxc6 32. Rd1 Kf8 33. Rd7 g6
34. Ra7 Kg7 35. Ra8 Nc5 36. Rd2 Nd3 37. a3 g5 38. hxg5 hxg5 39. Rh2 f6 40. Ra7+
Kg6 41. exf6 gxf4 42. gxf4 e5 43. f7 e4+ 44. Ke3 1-0

[Event "Europa ch 2012 femenino"]
[Site "Gaziantep TUR"]
[Date "2012.03.10"]
[Round "8.28"]
[White "Arig, Busra"]
[Black "Makropoulou, Marina"]
[Result "0-1"]
[WhiteElo "1839"]
[BlackElo "2224"]
[PlyCount "62"]
[EventDate "2012.03.02"]
[EventType "swiss"]
[EventRounds "11"]
[EventCountry "TUR"]
[Source "lmi"]
[SourceDate "2012.03.02"]

1. d4 Nf6 2. Nf3 e6 3. c4 b6 4. Bg5 h6 5. Bh4 Bb7 6. Nc3 d6 7. e4 g5 8. e5 gxh4
9. exf6 Qxf6 10. Be2 Rg8 11. Rg1 Nd7 12. Nb5 Kd8 13. Qc2 h3 14. gxh3 Rxg1+ 15.
Nxg1 a6 16. Nc3 Qxd4 17. Rd1 Qf4 18. Qh7 Ne5 19. Qg8 Qg5 20. Qxg5+ hxg5 21. h4
gxh4 22. Rd4 Be7 23. f4 c5 24. Rd2 Ng6 25. f5 Ne5 26. fxe6 fxe6 27. Kf2 Kd7 28.
Na4 Rf8+ 29. Ke1 Bg5 30. Rd1 Be3 31. Nh3 Bg2 0-1

[Event "Europa ch 2012 femenino"]
[Site "Gaziantep TUR"]
[Date "2012.03.10"]
[Round "8.29"]
[White "Bezgodova, Svetlana"]
[Black "Shaydullina, Sandugach"]
[Result "1-0"]
[WhiteElo "2109"]
[BlackElo "2197"]
[PlyCount "135"]
[EventDate "2012.03.02"]
[EventType "swiss"]
[EventRounds "11"]
[EventCountry "TUR"]
[Source "lmi"]
[SourceDate "2012.03.02"]

1. Nf3 d5 2. b3 c6 3. Bb2 Bg4 4. e3 Nd7 5. Be2 Bxf3 6. Bxf3 e5 7. d3 Bb4+ 8. c3
Bd6 9. Nd2 Ngf6 10. Qc2 Qe7 11. Rd1 O-O 12. O-O a5 13. a4 Rfe8 14. e4 Nc5 15.
Rfe1 Qc7 16. Nf1 Qb6 17. Ne3 Qxb3 18. Qxb3 Nxb3 19. exd5 cxd5 20. Nxd5 Nxd5 21.
Bxd5 Nc5 22. Ba3 Bf8 23. Bxc5 Bxc5 24. Bxb7 Rab8 25. Rb1 f6 26. Rb5 Kf8 27.
Reb1 Re7 28. g4 Rc7 29. Be4 Rxb5 30. Rxb5 Ba3 31. c4 Bb4 32. Bxh7 g5 33. Be4
Ke7 34. Bd5 Kd6 35. Be4 Rc8 36. Kg2 Rh8 37. h3 Rc8 38. Kf1 Rh8 39. Bg2 Rf8 40.
Ke2 f5 41. gxf5 Bc5 42. Be4 Rh8 43. Rxa5 Rxh3 44. Ra6+ Kd7 45. Bc6+ Kd8 46. Bg2
Rh2 47. Kf1 Rh4 48. Rc6 Bd4 49. Be4 Rf4 50. Rd6+ Kc7 51. Rxd4 exd4 52. a5 Rh4
53. c5 Rh6 54. c6 Rh8 55. Kg2 Ra8 56. Kf3 Rxa5 57. Kg4 Ra2 58. f3 Rg2+ 59. Kh5
Kd6 60. Kg6 g4 61. f4 Rf2 62. f6 g3 63. f7 Ke7 64. c7 g2 65. f8=Q+ Kxf8 66.
c8=Q+ Ke7 67. Qc7+ Ke8 68. Bc6+ 1-0

[Event "Europa ch 2012 femenino"]
[Site "Gaziantep TUR"]
[Date "2012.03.10"]
[Round "8.30"]
[White "Drljevic, Ljilja"]
[Black "Alev, Gonulden Seda"]
[Result "1-0"]
[WhiteElo "2278"]
[BlackElo "1612"]
[PlyCount "75"]
[EventDate "2012.03.02"]
[EventType "swiss"]
[EventRounds "11"]
[EventCountry "TUR"]
[Source "lmi"]
[SourceDate "2012.03.02"]

1. Nf3 d5 2. b4 a6 3. Bb2 e6 4. a3 Nf6 5. e3 c5 6. bxc5 Bxc5 7. d4 Be7 8. c4
dxc4 9. Bxc4 b5 10. Bd3 Bb7 11. O-O O-O 12. Nbd2 Nbd7 13. Qe2 Nb6 14. e4 Na4
15. Rfb1 Nxb2 16. Rxb2 h6 17. h3 Nd7 18. a4 b4 19. a5 Re8 20. Nc4 Nb8 21. Nfe5
Nc6 22. Nb6 Nxe5 23. dxe5 Ra7 24. Qe3 Bg5 25. f4 Bxf4 26. Qxf4 Qxd3 27. Rxb4
Bc6 28. Rc1 Bb5 29. Nc8 Rd7 30. Nd6 Ra8 31. Rb2 Qd4+ 32. Rf2 Qa7 33. Nc8 Qb7
34. Nb6 Rd4 35. Nxa8 Rxe4 36. Rc7 Rxf4 37. Rxb7 Rxf2 38. Kxf2 1-0

[Event "Europa ch 2012 femenino"]
[Site "Gaziantep TUR"]
[Date "2012.03.10"]
[Round "8.31"]
[White "Uta, Adeline-Ramona"]
[Black "Dai, Irmak"]
[Result "1-0"]
[WhiteElo "2098"]
[BlackElo "1592"]
[PlyCount "127"]
[EventDate "2012.03.02"]
[EventType "swiss"]
[EventRounds "11"]
[EventCountry "TUR"]
[Source "lmi"]
[SourceDate "2012.03.02"]

1. e4 c5 2. c4 Nc6 3. Nc3 Nf6 4. g3 g6 5. Bg2 Bg7 6. Nge2 d6 7. O-O O-O 8. d3
Bd7 9. h3 Qc8 10. Kh2 Nh5 11. g4 Nf6 12. f4 Ne8 13. f5 Nc7 14. Ng3 Nd4 15. Bg5
f6 16. Be3 e5 17. fxe6 Ndxe6 18. Qd2 Qd8 19. Rf2 Qe7 20. Raf1 a6 21. Nce2 Rab8
22. Bh6 b5 23. Bxg7 Kxg7 24. b3 b4 25. Qb2 a5 26. d4 a4 27. e5 fxe5 28. dxe5
dxe5 29. Qxe5+ Kg8 30. Ne4 Rxf2 31. Rxf2 Qg7 32. Nf6+ Kh8 33. Nxd7 Qxe5+ 34.
Nxe5 axb3 35. axb3 Rf8 36. Rxf8+ Nxf8 37. Nf4 Kg7 38. Ned3 Nd7 39. Bc6 Nb8 40.
Ba4 Nba6 41. Nd5 Ne6 42. Nb6 Kf7 43. Bb5 Nac7 44. Nd7 Nxb5 45. cxb5 c4 46. bxc4
b3 47. b6 Nd8 48. N7c5 Nc6 49. Nxb3 Ke7 50. c5 Kd7 51. Nd2 Na5 52. Ne5+ Kc8 53.
Ndc4 Nxc4 54. Nxc4 Kb7 55. Nd6+ Kc6 56. b7 Kxc5 57. b8=Q Kd4 58. Qb5 Kc3 59.
Qc4+ Kb2 60. Ne4 Ka1 61. Qc3+ Kb1 62. Nd2+ Ka2 63. Qb3+ Ka1 64. Qb1# 1-0

[Event "Europa ch 2012 femenino"]
[Site "Gaziantep TUR"]
[Date "2012.03.10"]
[Round "8.32"]
[White "Soyunlu, Narmin"]
[Black "Cemhan, Kardelen"]
[Result "1/2-1/2"]
[WhiteElo "1842"]
[BlackElo "1954"]
[PlyCount "112"]
[EventDate "2012.03.02"]
[EventType "swiss"]
[EventRounds "11"]
[EventCountry "TUR"]
[Source "lmi"]
[SourceDate "2012.03.02"]

1. c4 c5 2. g3 Nf6 3. Bg2 d5 4. cxd5 Nxd5 5. Nc3 Nc7 6. Nf3 Nc6 7. d3 e5 8. O-O
Be7 9. Nd2 O-O 10. f4 exf4 11. gxf4 Bg4 12. Nc4 Qd7 13. Qe1 Bh3 14. Qg3 Bxg2
15. Kxg2 f5 16. Ne5 Qe6 17. Kh1 Bf6 18. Nxc6 Qxc6+ 19. Qg2 Qxg2+ 20. Kxg2 Rad8
21. Be3 b6 22. Rad1 Rfe8 23. Kf3 Re6 24. Bf2 Rde8 25. Rfe1 Bd4 26. e3 Bxc3 27.
bxc3 Nd5 28. Rc1 Nf6 29. c4 Rd8 30. Rc3 Red6 31. Rd1 R8d7 32. Rb3 Kf7 33. h3 h6
34. Bg3 Ne4 35. Bh2 Rg6 36. Ra3 Re6 37. Rg1 Nf6 38. Rg2 Red6 39. Ke2 Nh5 40.
Rb3 Re6 41. Kf3 Rde7 42. Bg1 Rd7 43. Bh2 Nf6 44. Ra3 Ng8 45. Bg1 Ne7 46. Rb3
Nc6 47. a3 Kf6 48. h4 Kf7 49. Bh2 Ne7 50. Bg3 Ng8 51. Bh2 Nf6 52. a4 Red6 53.
Ke2 Ng4 54. Bg1 g6 55. Ra3 Re7 56. Kf3 Nf6 1/2-1/2

[Event "Europa ch 2012 femenino"]
[Site "Gaziantep TUR"]
[Date "2012.03.10"]
[Round "8.36"]
[White "Molchanova, Tatjana"]
[Black "Chelushkina, Irina"]
[Result "1-0"]
[WhiteElo "2346"]
[BlackElo "2263"]
[PlyCount "79"]
[EventDate "2012.03.02"]
[EventType "swiss"]
[EventRounds "11"]
[EventCountry "TUR"]
[Source "lmi"]
[SourceDate "2012.03.02"]

1. c4 e5 2. g3 d6 3. Bg2 c6 4. Nc3 Be7 5. e4 a6 6. Nf3 b5 7. d4 b4 8. Na4 Nd7
9. O-O Qc7 10. b3 c5 11. dxe5 dxe5 12. Nb2 Bb7 13. Qe2 h5 14. h3 Bf6 15. Nd1
Ne7 16. Nd2 Nc6 17. Ne3 Nd4 18. Qd1 h4 19. Nd5 Qd6 20. Nf3 a5 21. Bd2 Bd8 22.
a3 bxa3 23. Rxa3 Nf6 24. Nxh4 Nxd5 25. exd5 Bc8 26. Nf3 Bxh3 27. Bxh3 Nxf3+ 28.
Qxf3 Rxh3 29. Qf5 Rh8 30. Re1 f6 31. Rea1 Kf7 32. Bxa5 g6 33. Qf3 Be7 34. Bc3
Rxa3 35. Rxa3 Rb8 36. Kg2 f5 37. Qe3 e4 38. Qh6 Bf8 39. Qh7+ Ke8 40. Ra7 1-0

[Event "Europa ch 2012 femenino"]
[Site "Gaziantep TUR"]
[Date "2012.03.10"]
[Round "8.37"]
[White "Guramishvili, Sopiko"]
[Black "Dworakowska, Joanna"]
[Result "1-0"]
[WhiteElo "2395"]
[BlackElo "2304"]
[PlyCount "77"]
[EventDate "2012.03.02"]
[EventType "swiss"]
[EventRounds "11"]
[EventCountry "TUR"]
[Source "lmi"]
[SourceDate "2012.03.02"]

1. Nf3 Nf6 2. c4 e6 3. g3 d5 4. d4 dxc4 5. Bg2 Bd7 6. Ne5 Bc6 7. Nxc6 Nxc6 8.
Qa4 Qd7 9. Qxc4 Nxd4 10. e3 Nc6 11. O-O h5 12. Nc3 h4 13. Rd1 Bd6 14. b4 hxg3
15. hxg3 Ne5 16. Qe2 O-O-O 17. Bb2 Qe7 18. Nb5 Kb8 19. Bd4 a6 20. Nxd6 cxd6 21.
b5 a5 22. Bb6 Rc8 23. Bxa5 d5 24. a4 Ne4 25. Be1 Qf6 26. Rac1 Nc4 27. Rd4 Nc5
28. Rf4 Qe7 29. Bb4 Qd7 30. Rd4 Nb3 31. Rcxc4 Rxc4 32. Qxc4 Nxd4 33. Qxd4 f6
34. Qb6 Kc8 35. a5 Re8 36. Bd6 Qd8 37. Qc5+ Kd7 38. a6 Qa8 39. Qc7# 1-0

[Event "Europa ch 2012 femenino"]
[Site "Gaziantep TUR"]
[Date "2012.03.10"]
[Round "8.39"]
[White "Zawadzka, Jolanta"]
[Black "Batsiashvili, Nino"]
[Result "0-1"]
[WhiteElo "2358"]
[BlackElo "2438"]
[PlyCount "134"]
[EventDate "2012.03.02"]
[EventType "swiss"]
[EventRounds "11"]
[EventCountry "TUR"]
[Source "lmi"]
[SourceDate "2012.03.02"]

1. e4 c6 2. Nc3 d5 3. Nf3 Bg4 4. h3 Bxf3 5. Qxf3 Nf6 6. d3 e6 7. Bd2 Nbd7 8. g4
Bb4 9. a3 Ba5 10. g5 Ng8 11. d4 Ne7 12. Bd3 dxe4 13. Bxe4 Nd5 14. b4 Nxc3 15.
Bxc3 Bc7 16. h4 Nb6 17. Rg1 Qd6 18. Bd3 Na4 19. Bc4 Nxc3 20. Qxc3 O-O-O 21. Rg4
Rd7 22. O-O-O Rhd8 23. Re4 Bb6 24. Qe1 Qc7 25. c3 c5 26. Bb5 Rd6 27. Kb1 Kb8
28. Bd3 Qd7 29. Re5 cxd4 30. c4 Bc7 31. Qe4 Qa4 32. Bc2 Qc6 33. Bb3 Qxe4+ 34.
Rxe4 d3 35. Kb2 Rd4 36. Re3 Rxh4 37. Rexd3 Rxd3 38. Rxd3 Rf4 39. f3 Rf5 40. Bc2
Kc8 41. f4 Rxf4 42. Rh3 Rxc4 43. Rxh7 Rg4 44. Rh8+ Kd7 45. Ba4+ Kd6 46. Rf8 b5
47. Bxb5 Rxg5 48. a4 f6 49. Rf7 Bb6 50. Rd7+ Ke5 51. a5 Bd4+ 52. Kb3 Rg3+ 53.
Ka4 g5 54. Bc4 Rc3 55. Bb3 g4 56. Re7 Rc6 57. b5 Rd6 58. Bc4 g3 59. Bf1 f5 60.
Kb3 Be3 61. b6 axb6 62. a6 b5 63. a7 Ra6 64. Bxb5 Rxa7 65. Rxa7 Bxa7 66. Bc6
Kd4 67. Kc2 Ke5 0-1

[Event "Europa ch 2012 femenino"]
[Site "Gaziantep TUR"]
[Date "2012.03.10"]
[Round "8.40"]
[White "Javakhishvili, Lela"]
[Black "Kovanova, Baira"]
[Result "0-1"]
[WhiteElo "2448"]
[BlackElo "2392"]
[PlyCount "78"]
[EventDate "2012.03.02"]
[EventType "swiss"]
[EventRounds "11"]
[EventCountry "TUR"]
[Source "lmi"]
[SourceDate "2012.03.02"]

1. c4 Nf6 2. Nc3 e5 3. Nf3 Nc6 4. a3 a5 5. e3 d6 6. Be2 e4 7. Ng5 Bf5 8. f3
exf3 9. Nxf3 g6 10. d3 Bg7 11. O-O O-O 12. e4 Bg4 13. Bg5 Bxf3 14. Bxf3 Nd4 15.
Be2 h6 16. Bh4 c6 17. Kh1 g5 18. Bf2 Nd7 19. Bg4 Nc5 20. Bxd4 Bxd4 21. Qc2 Ne6
22. Ne2 Bg7 23. Ng3 Nd4 24. Qf2 Be5 25. Nh5 f6 26. Rad1 c5 27. Qe3 Qe7 28. Rf2
Kf7 29. Rdf1 Ke8 30. h4 Kd8 31. hxg5 hxg5 32. Qxg5 Kc7 33. Rxf6 Kc6 34. Bh3
Rxf6 35. Nxf6 Rf8 36. Qg4 Rxf6 37. Qc8+ Kb6 38. Rb1 Rf8 39. Qg4 Qf6 0-1

[Event "Europa ch 2012 femenino"]
[Site "Gaziantep TUR"]
[Date "2012.03.10"]
[Round "8.41"]
[White "Rakic, Marija"]
[Black "Szczepkowska-Horowska, Karina"]
[Result "0-1"]
[WhiteElo "2270"]
[BlackElo "2369"]
[PlyCount "114"]
[EventDate "2012.03.02"]
[EventType "swiss"]
[EventRounds "11"]
[EventCountry "TUR"]
[Source "lmi"]
[SourceDate "2012.03.02"]

1. d4 d6 2. c4 Nf6 3. Nc3 Nbd7 4. e4 e5 5. d5 Nc5 6. f3 a5 7. Be3 Be7 8. Qd2
Nfd7 9. Nge2 h6 10. Ng3 Bg5 11. Be2 Na6 12. O-O Bxe3+ 13. Qxe3 Qg5 14. Qf2 O-O
15. Nb5 Ndc5 16. f4 exf4 17. Qxf4 Bd7 18. Nc3 Rae8 19. Rad1 a4 20. Bd3 Re5 21.
Bb1 Nb4 22. Rd2 b6 23. Qxg5 hxg5 24. Nb5 Nba6 25. Nd4 g4 26. Rf4 g6 27. Rf1 Nb7
28. Rdf2 Na5 29. b3 Nb7 30. Nde2 Nbc5 31. Nf4 Ree8 32. Rb2 axb3 33. axb3 Re5
34. Rbf2 Ree8 35. Rb2 Nb4 36. Nfe2 Ra8 37. Nd4 Rfe8 38. Rbf2 Re7 39. Nge2 Ra1
40. Nc3 Ra3 41. Rb2 Kg7 42. Nc2 Nxc2 43. Bxc2 Re8 44. Rbb1 Rea8 45. Rfe1 f6 46.
Ne2 Na6 47. b4 Re8 48. Ra1 Nxb4 49. Rxa3 Nxc2 50. Ra7 Nxe1 51. Rxc7 Re7 52. Nd4
Kf7 53. Rb7 Nd3 54. Nc6 Nc5 55. Rxb6 Bxc6 56. dxc6 Rc7 57. Kf1 Ke6 0-1